[Event "Liga Madrileña - DH 2014-2015"]
[Site "Madrid ESP"]
[Date "2015.01.18"]
[Round "6.34"]
[White "Moreno Ruiz, Javier"]
[Black "Sanchez Gonzalez, Sergio"]
[Result "1-0"]
[WhiteElo "2470"]
[BlackElo "2298"]
[PlyCount "115"]
[EventDate "2014.11.23"]
[EventType "team-tourn"]
[EventRounds "14"]
[EventCountry "ESP"]
[Source "lmi"]
[SourceDate "2014.11.23"]
[WhiteTeam "Collado Villalba"]
[BlackTeam "Liberty Chess"]
[WhiteTeamCountry "ESP"]
[BlackTeamCountry "ESP"]

1. d4 Nf6 2. c4 e6 3. Nc3 Bb4 4. f3 d5 5. a3 Bxc3+ 6. bxc3 O-O 7. cxd5 exd5 8.
e3 Re8 9. Bd3 Nh5 10. Ne2 Qh4+ 11. g3 Qh3 12. Kf2 c5 13. g4 Qh4+ 14. Kg2 Nf6
15. Qe1 Qxe1 16. Rxe1 Nc6 17. Bd2 Na5 18. Rab1 Bd7 19. Nf4 g5 20. Ne2 Ba4 21.
Ng3 Nb3 22. Rb2 Nxd2 23. Rxd2 Rac8 24. Bf5 Rc7 25. e4 cxd4 26. cxd4 Rc3 27. e5
Nd7 28. Nh5 Re7 29. Bxd7 Rxd7 30. Nf6+ Kg7 31. Nxd7 Bxd7 32. Ra1 b5 33. Kf2 a5
34. Raa2 h5 35. Rdc2 Rd3 36. Rc7 Be6 37. Rb7 hxg4 38. fxg4 Rxd4 39. Rxb5 Rf4+
40. Ke1 d4 41. Rf2 Re4+ 42. Kd2 a4 43. Rb4 Bb3 44. h3 Rxe5 45. Rxd4 Kg6 46.
Rd6+ Be6 47. Ra6 Re4 48. Kd3 Re1 49. Rxa4 Rb1 50. Rf3 Rb3+ 51. Ke2 Rb2+ 52. Ke1
Rb1+ 53. Kd2 Ra1 54. Ra6 Ra2+ 55. Kc1 Kg7 56. Ra5 Kg6 57. Kb1 Re2 58. a4 1-0

[Event "Liga Madrileña - DH 2014-2015"]
[Site "Madrid ESP"]
[Date "2015.01.18"]
[Round "6.35"]
[White "Fernandez Garcia, Miguel Angel"]
[Black "Bermejo Arruego, Luis"]
[Result "1-0"]
[WhiteElo "2341"]
[BlackElo "2174"]
[PlyCount "85"]
[EventDate "2014.11.23"]
[EventType "team-tourn"]
[EventRounds "14"]
[EventCountry "ESP"]
[Source "lmi"]
[SourceDate "2014.11.23"]
[WhiteTeam "Liberty Chess"]
[BlackTeam "Collado Villalba"]
[WhiteTeamCountry "ESP"]
[BlackTeamCountry "ESP"]

1. d4 Nf6 2. c4 e6 3. Nf3 Bb4+ 4. Nbd2 O-O 5. e3 b6 6. Bd3 Bb7 7. O-O Be7 8.
Qc2 h6 9. e4 d6 10. b3 c5 11. d5 Ng4 12. h3 Bf6 13. Rb1 Ne5 14. Nxe5 Bxe5 15.
f4 Bd4+ 16. Kh1 exd5 17. exd5 b5 18. Nf3 Bf6 19. g4 Nd7 20. g5 hxg5 21. fxg5
Be5 22. h4 bxc4 23. bxc4 Bc8 24. h5 Re8 25. Nh4 Nf8 26. Qg2 Bd4 27. Qf3 Re7 28.
Bd2 a6 29. Rbe1 Raa7 30. Bf5 Rxe1 31. Rxe1 Rb7 32. Qg4 Bd7 33. Nf3 Bxf5 34.
Qxf5 Rb2 35. Rf1 Qd7 36. Qxd7 Nxd7 37. Bf4 Ne5 38. Bxe5 dxe5 39. g6 fxg6 40.
hxg6 Rb6 41. Nh4 Rf6 42. Rxf6 gxf6 43. d6 1-0

[Event "Liga Madrileña - DH 2014-2015"]
[Site "Madrid ESP"]
[Date "2015.01.18"]
[Round "6.36"]
[White "Cao Armillas, Jesus"]
[Black "Gallardo Garcia, Andres"]
[Result "0-1"]
[WhiteElo "2113"]
[BlackElo "2329"]
[PlyCount "130"]
[EventDate "2014.11.23"]
[EventType "team-tourn"]
[EventRounds "14"]
[EventCountry "ESP"]
[Source "lmi"]
[SourceDate "2014.11.23"]
[WhiteTeam "Collado Villalba"]
[BlackTeam "Liberty Chess"]
[WhiteTeamCountry "ESP"]
[BlackTeamCountry "ESP"]

1. d4 Nf6 2. c4 e6 3. Nc3 Bb4 4. e3 O-O 5. Bd3 d5 6. Nf3 c5 7. O-O Nc6 8. a3
Ba5 9. Ne2 dxc4 10. Bxc4 cxd4 11. Nexd4 Nxd4 12. Nxd4 Qe7 13. Bd2 Bxd2 14. Qxd2
e5 15. Nb3 b6 16. Rad1 Be6 17. Bxe6 Qxe6 18. Nc1 Rac8 19. Ne2 Ne4 20. Qd3 Nc5
21. Qd5 Qf6 22. b4 Rfd8 23. Qa2 Ne4 24. f3 Nc3 25. Nxc3 Rxc3 26. Rd5 g6 27.
Rfd1 Rxd5 28. Qxd5 Rxa3 29. h3 Kg7 30. Qe4 Qg5 31. Re1 Qg3 32. Rf1 f5 33. Qd5
Rxe3 34. Qd7+ Kh6 35. Qd2 Qf4 36. Qd6 Re2 37. Qf8+ Kh5 38. Qe7 Qg3 39. Qxh7+
Kg5 40. h4+ Kf4 41. Qh6+ g5 42. Qxg5+ Qxg5 43. hxg5 Kxg5 44. Ra1 Rb2 45. Rxa7
Kf4 46. Rh7 b5 47. Kh2 Kg5 48. Rh8 Rxb4 49. Re8 Kf6 50. Kg3 Rb2 51. Rf8+ Ke6
52. Re8+ Kd5 53. Rd8+ Kc4 54. Rc8+ Kb4 55. Re8 Re2 56. Kh4 Kc3 57. g4 fxg4 58.
fxg4 b4 59. g5 b3 60. g6 b2 61. Rc8+ Kd4 62. Rb8 Rg2 63. Kh5 e4 64. Kh6 e3 65.
g7 e2 0-1

[Event "Liga Madrileña - DH 2014-2015"]
[Site "Madrid ESP"]
[Date "2015.01.18"]
[Round "6.41"]
[White "Candela Perez, Jose"]
[Black "Fernandez Lledo, Javier"]
[Result "0-1"]
[WhiteElo "2430"]
[BlackElo "2256"]
[PlyCount "66"]
[EventDate "2014.11.23"]
[EventType "team-tourn"]
[EventRounds "14"]
[EventCountry "ESP"]
[Source "lmi"]
[SourceDate "2014.11.23"]
[WhiteTeam "La Casa del Ajedrez"]
[BlackTeam "Pueblo Nuevo"]
[WhiteTeamCountry "ESP"]
[BlackTeamCountry "ESP"]

1. e4 d6 2. d4 Nf6 3. Nc3 e5 4. Nge2 Be7 5. g3 c6 6. a4 a5 7. Bg2 O-O 8. O-O
Nbd7 9. h3 Re8 10. Be3 Nf8 11. f4 exf4 12. gxf4 Ng6 13. Qe1 Nh5 14. Bf3 Bh4 15.
Qd2 Ng3 16. Nxg3 Bxg3 17. f5 Nh4 18. Bg4 d5 19. Ne2 Bd6 20. e5 Be7 21. Ng3 f6
22. Nh5 Kh8 23. Qe1 fxe5 24. f6 gxf6 25. Qxh4 f5 26. Qg3 Bh4 27. Qg2 fxg4 28.
Bh6 Rg8 29. Rf7 Bg5 30. Bg7+ Rxg7 31. Rxg7 Be3+ 32. Kh1 Qh4 33. Qf1 Bf5 0-1

[Event "Liga Madrileña - DH 2014-2015"]
[Site "Madrid ESP"]
[Date "2015.01.18"]
[Round "6.42"]
[White "Nieto de la Cruz, Julio"]
[Black "Gallego Jimenez, Victoriano"]
[Result "0-1"]
[WhiteElo "2178"]
[BlackElo "2340"]
[PlyCount "50"]
[EventDate "2014.11.23"]
[EventType "team-tourn"]
[EventRounds "14"]
[EventCountry "ESP"]
[Source "lmi"]
[SourceDate "2014.11.23"]
[WhiteTeam "Pueblo Nuevo"]
[BlackTeam "La Casa del Ajedrez"]
[WhiteTeamCountry "ESP"]
[BlackTeamCountry "ESP"]

1. Nf3 Nf6 2. c4 g6 3. b4 Bg7 4. Bb2 O-O 5. g3 d6 6. Bg2 e5 7. O-O Nh5 8. d4 e4
9. Ne1 f5 10. Nc3 Be6 11. d5 Bf7 12. Qd2 Nd7 13. Rc1 Ne5 14. Nb5 a6 15. Nd4 b5
16. cxb5 axb5 17. Nc6 Nxc6 18. Bxg7 Kxg7 19. Rxc6 Nf6 20. Rc2 Bxd5 21. Bh1 Bc4
22. Ng2 d5 23. Ne3 Qd6 24. f3 Qb6 25. Rfc1 Ra3 0-1

[Event "Liga Madrileña - DH 2014-2015"]
[Site "Madrid ESP"]
[Date "2015.01.18"]
[Round "6.43"]
[White "Elguezabal Varela, Daniel"]
[Black "Iturbide Arnedo, Oscar"]
[Result "1-0"]
[WhiteElo "2356"]
[BlackElo "2158"]
[PlyCount "93"]
[EventDate "2014.11.23"]
[EventType "team-tourn"]
[EventRounds "14"]
[EventCountry "ESP"]
[Source "lmi"]
[SourceDate "2014.11.23"]
[WhiteTeam "La Casa del Ajedrez"]
[BlackTeam "Pueblo Nuevo"]
[WhiteTeamCountry "ESP"]
[BlackTeamCountry "ESP"]

1. d4 b6 2. c4 Bb7 3. Nc3 e6 4. e4 Bb4 5. Bd3 f5 6. Qh5+ g6 7. Qe2 Qh4 8. Nf3
Bxc3+ 9. bxc3 Qe7 10. O-O Nf6 11. Bg5 h6 12. Bxf6 Qxf6 13. exf5 gxf5 14. d5 Na6
15. Nd4 O-O-O 16. a4 Nc5 17. a5 exd5 18. Bxf5 Rde8 19. Qa2 dxc4 20. axb6 axb6
21. Qxc4 Rhg8 22. f3 Rg5 23. Rae1 Reg8 24. Rf2 Qg7 25. Bh3 Kb8 26. Rfe2 Ba6 27.
Qxg8+ Qxg8 28. Re8+ Kb7 29. Rxg8 Rxg8 30. Re7 Bd3 31. Bxd7 Nxd7 32. Rxd7 Rg6
33. Kf2 Kc8 34. Re7 c5 35. Ne6 Bc4 36. Nf4 Rd6 37. Ke3 b5 38. Re5 Rc6 39. Nd3
Bxd3 40. Kxd3 Kc7 41. f4 Kd6 42. g4 Rb6 43. Rf5 c4+ 44. Kd4 Ke6 45. Kc5 Rb8 46.
Kb4 Rg8 47. h3 1-0

[Event "Liga Madrileña - DH 2014-2015"]
[Site "Madrid ESP"]
[Date "2015.01.18"]
[Round "6.44"]
[White "Navarro Nicolas, Victor Manuel"]
[Black "Madina Yadarola, Martin"]
[Result "0-1"]
[WhiteElo "2156"]
[BlackElo "2281"]
[PlyCount "62"]
[EventDate "2014.11.23"]
[EventType "team-tourn"]
[EventRounds "14"]
[EventCountry "ESP"]
[Source "lmi"]
[SourceDate "2014.11.23"]
[WhiteTeam "Pueblo Nuevo"]
[BlackTeam "La Casa del Ajedrez"]
[WhiteTeamCountry "ESP"]
[BlackTeamCountry "ESP"]

1. Nf3 d6 2. d4 Bg4 3. c4 Nd7 4. Qb3 Rb8 5. e4 g6 6. Be3 Bxf3 7. gxf3 Bg7 8.
Nd2 c6 9. Be2 Ngf6 10. f4 O-O 11. h4 Qa5 12. O-O-O c5 13. h5 cxd4 14. Bxd4 Nc5
15. Qh3 e5 16. Bc3 Qc7 17. hxg6 fxg6 18. f5 gxf5 19. exf5 b5 20. b4 Na4 21. Ba1
Nb6 22. Rdg1 Rf7 23. f4 Kf8 24. fxe5 dxe5 25. Qg3 Re8 26. c5 a6 27. Bh5 Nbd5
28. Bxf7 Qxf7 29. Bxe5 Nxb4 30. Rxh7 Rxe5 31. Qxe5 Nd3+ 0-1

[Event "Liga Madrileña - DH 2014-2015"]
[Site "Madrid ESP"]
[Date "2015.01.18"]
[Round "6.45"]
[White "Guadamuro Torrente, Anabel"]
[Black "Barez Menendez, Hector"]
[Result "0-1"]
[WhiteElo "2191"]
[BlackElo "2144"]
[PlyCount "168"]
[EventDate "2014.11.23"]
[EventType "team-tourn"]
[EventRounds "14"]
[EventCountry "ESP"]
[Source "lmi"]
[SourceDate "2014.11.23"]
[WhiteTeam "La Casa del Ajedrez"]
[BlackTeam "Pueblo Nuevo"]
[WhiteTeamCountry "ESP"]
[BlackTeamCountry "ESP"]

1. e4 e5 2. Bc4 Nf6 3. d3 c6 4. Nf3 Be7 5. c3 d6 6. Bb3 O-O 7. Nbd2 Bg4 8. Nf1
Nbd7 9. h3 Bxf3 10. Qxf3 Nc5 11. Bc2 Ne6 12. Ng3 g6 13. Bh6 Re8 14. h4 Nd7 15.
h5 Bg5 16. hxg6 fxg6 17. Ne2 Bxh6 18. Rxh6 Qg5 19. Rh1 Re7 20. Qh3 a5 21. Qh4
a4 22. Qxg5 Nxg5 23. O-O-O b5 24. g3 Rf8 25. f4 Ne6 26. fxe5 Nxe5 27. d4 Ng4
28. d5 Nc5 29. dxc6 Nf2 30. Rhe1 Nxd1 31. Rxd1 Nxe4 32. Bxe4 Rxe4 33. Nf4 b4
34. Nd5 bxc3 35. bxc3 Rc4 36. c7 Kg7 37. Re1 Rf7 38. Re8 Rfxc7 39. Nxc7 Rxc7
40. Kb2 h5 41. Re4 Ra7 42. Rd4 Ra6 43. a3 Kf6 44. Kc2 Ke5 45. Kd3 g5 46. Re4+
Kf5 47. Rd4 Ke5 48. Re4+ Kd5 49. Rd4+ Ke6 50. Re4+ Kd7 51. Rd4 Ra5 52. Re4 Rf5
53. g4 Rf3+ 54. Ke2 hxg4 55. Rxg4 Rxc3 56. Rxa4 Ke6 57. Ra8 g4 58. Kf2 Kf5 59.
a4 Ra3 60. Rf8+ Ke5 61. Re8+ Kd5 62. Ra8 Kc5 63. a5 d5 64. a6 Kd4 65. a7 Rf3+
66. Kg2 Rf7 67. Kg3 Rg7 68. Rd8 Rxa7 69. Kxg4 Rf7 70. Ra8 Ke4 71. Re8+ Kd3 72.
Kg3 d4 73. Kg2 Kd2 74. Ra8 d3 75. Ra2+ Ke3 76. Ra8 d2 77. Re8+ Kd3 78. Rd8+ Kc2
79. Rc8+ Kd1 80. Rd8 Rf5 81. Rd7 Ke2 82. Re7+ Kd3 83. Rd7+ Ke3 84. Rd8 Rf4 0-1

[Event "Liga Madrileña - DH 2014-2015"]
[Site "Madrid ESP"]
[Date "2015.01.18"]
[Round "6.46"]
[White "De la Puerta Cresis, Javier"]
[Black "Collado Barbas, Laura"]
[Result "1-0"]
[WhiteElo "2097"]
[BlackElo "2132"]
[PlyCount "53"]
[EventDate "2014.11.23"]
[EventType "team-tourn"]
[EventRounds "14"]
[EventCountry "ESP"]
[Source "lmi"]
[SourceDate "2014.11.23"]
[WhiteTeam "Pueblo Nuevo"]
[BlackTeam "La Casa del Ajedrez"]
[WhiteTeamCountry "ESP"]
[BlackTeamCountry "ESP"]

1. c4 e6 2. g3 d5 3. Bg2 Nf6 4. Nf3 c5 5. cxd5 exd5 6. d4 Nc6 7. O-O h6 8. Nc3
Be6 9. Bf4 Nh5 10. Be3 c4 11. b3 Bb4 12. Rc1 Qa5 13. Bd2 b5 14. bxc4 bxc4 15.
e4 dxe4 16. Ne5 Nxe5 17. dxe5 Rd8 18. Qxh5 Rxd2 19. Nxe4 Rxa2 20. Ng5 Qb6 21.
Nxe6 Qxe6 22. Bh3 Qb6 23. Bd7+ Kf8 24. e6 g6 25. Qe5 Rh7 26. Rxc4 fxe6 27. Qf6+
1-0

[Event "Liga Madrileña - DH 2014-2015"]
[Site "Madrid ESP"]
[Date "2015.01.24"]
[Round "7.11"]
[White "Fernandez Lledo, Javier"]
[Black "Martin Rueda, Daniel"]
[Result "1/2-1/2"]
[WhiteElo "2256"]
[BlackElo "2341"]
[PlyCount "62"]
[EventDate "2014.11.23"]
[EventType "team-tourn"]
[EventRounds "14"]
[EventCountry "ESP"]
[Source "lmi"]
[SourceDate "2014.11.23"]
[WhiteTeam "Pueblo Nuevo"]
[BlackTeam "Liberty Chess"]
[WhiteTeamCountry "ESP"]
[BlackTeamCountry "ESP"]

1. e4 c5 2. Nf3 e6 3. d4 cxd4 4. Nxd4 a6 5. Bd3 Nc6 6. Nxc6 dxc6 7. O-O e5 8.
Qh5 Qc7 9. f4 Nf6 10. Qf3 Bc5+ 11. Kh1 Bg4 12. Qg3 h5 13. fxe5 h4 14. Qf4 Nh5
15. Qxg4 Ng3+ 16. hxg3 hxg3+ 17. Qh3 Rxh3+ 18. gxh3 Qxe5 19. Kg2 O-O-O 20. Nc3
Bf2 21. Nd1 Rd6 22. Ne3 Rg6 23. Ng4 Qc5 24. Bf4 f5 25. Bxg3 Bxg3 26. exf5 Rxg4
27. hxg4 Bh4 28. Kh3 Bf2 29. Kg2 Bh4 30. Kh3 Bf2 31. Kg2 Bh4 1/2-1/2

[Event "Liga Madrileña - DH 2014-2015"]
[Site "Madrid ESP"]
[Date "2015.01.24"]
[Round "7.12"]
[White "Perez Gonzalez, Jose Manuel"]
[Black "Nieto de la Cruz, Julio"]
[Result "1/2-1/2"]
[WhiteElo "2349"]
[BlackElo "2178"]
[PlyCount "97"]
[EventDate "2014.11.23"]
[EventType "team-tourn"]
[EventRounds "14"]
[EventCountry "ESP"]
[Source "lmi"]
[SourceDate "2014.11.23"]
[WhiteTeam "Liberty Chess"]
[BlackTeam "Pueblo Nuevo"]
[WhiteTeamCountry "ESP"]
[BlackTeamCountry "ESP"]

1. e4 d5 2. exd5 Qxd5 3. Nc3 Qa5 4. d4 Nf6 5. Nf3 Bg4 6. h3 Bh5 7. g4 Bg6 8.
Ne5 Be4 9. Nc4 Qa6 10. Nxe4 Nxe4 11. Qf3 Qe6 12. Ne3 Nd6 13. Bg2 Nd7 14. O-O
Qf6 15. Qd1 e6 16. c4 c6 17. a4 h5 18. c5 Nc8 19. Re1 hxg4 20. Nxg4 Qg6 21. Ra3
Ne7 22. a5 a6 23. Rb3 O-O-O 24. Qf3 Nd5 25. Qe2 Rh4 26. Rg3 Qh5 27. Qc4 f5 28.
Ne5 Nxe5 29. Rxe5 Qd1+ 30. Qf1 Rxd4 31. Rxe6 f4 32. Rg4 Bxc5 33. Bxd5 R4xd5 34.
Bxf4 Qf3 35. Qg2 Bxf2+ 36. Kh2 Qxg2+ 37. Kxg2 Bd4 38. b4 Bf6 39. Be3 Kd7 40.
Ree4 Re8 41. Bc5 Rd3 42. h4 Re5 43. Rd4+ Rd5 44. Rxd3 Rxd3 45. Re4 Kd8 46. Bb6+
Kd7 47. Bc5 Rb3 48. Bf8 Rd3 49. Bc5 1/2-1/2

[Event "Liga Madrileña - DH 2014-2015"]
[Site "Madrid ESP"]
[Date "2015.01.24"]
[Round "7.13"]
[White "Iturbide Arnedo, Oscar"]
[Black "Sanchez Gonzalez, Sergio"]
[Result "0-1"]
[WhiteElo "2168"]
[BlackElo "2298"]
[PlyCount "68"]
[EventDate "2014.11.23"]
[EventType "team-tourn"]
[EventRounds "14"]
[EventCountry "ESP"]
[Source "lmi"]
[SourceDate "2014.11.23"]
[WhiteTeam "Pueblo Nuevo"]
[BlackTeam "Liberty Chess"]
[WhiteTeamCountry "ESP"]
[BlackTeamCountry "ESP"]

1. e4 c5 2. Nc3 d6 3. g3 Nc6 4. Bg2 g6 5. d3 Bg7 6. f4 Rb8 7. Nf3 b5 8. a3 Nf6
9. O-O O-O 10. h3 e6 11. Be3 Re8 12. Qd2 Ne7 13. Qf2 Bb7 14. Nh4 a6 15. g4 Nd7
16. Rab1 f5 17. gxf5 exf5 18. exf5 Nxf5 19. Nxf5 gxf5 20. Nd5 Nf6 21. Nxf6+
Qxf6 22. c3 Qg6 23. Rfe1 Bf6 24. Re2 Qh5 25. Kh2 Bh4 26. Qf1 Kf7 27. Rd1 Qg6
28. Bxb7 Qg3+ 29. Kh1 Rxb7 30. Qg2 Qxg2+ 31. Kxg2 Rg8+ 32. Kh2 Re7 33. Rf1 Rg3
34. Rfe1 Rgxe3 0-1

[Event "Liga Madrileña - DH 2014-2015"]
[Site "Madrid ESP"]
[Date "2015.01.24"]
[Round "7.14"]
[White "Fernandez Garcia, Miguel Angel"]
[Black "Navarro Nicolas, Victor Manuel"]
[Result "1-0"]
[WhiteElo "2341"]
[BlackElo "2156"]
[PlyCount "49"]
[EventDate "2014.11.23"]
[EventType "team-tourn"]
[EventRounds "14"]
[EventCountry "ESP"]
[Source "lmi"]
[SourceDate "2014.11.23"]
[WhiteTeam "Liberty Chess"]
[BlackTeam "Pueblo Nuevo"]
[WhiteTeamCountry "ESP"]
[BlackTeamCountry "ESP"]

1. d4 Nf6 2. Nf3 g6 3. g3 Bg7 4. Bg2 O-O 5. O-O d6 6. b3 c5 7. c4 cxd4 8. Nxd4
d5 9. cxd5 Nxd5 10. Bb2 Nc6 11. Nxc6 bxc6 12. Bxg7 Kxg7 13. Qc2 Bb7 14. Nd2 Rc8
15. Ne4 Qb6 16. Nc5 Rfd8 17. Rac1 Kg8 18. a3 Ba8 19. h4 h5 20. Bh3 Rc7 21. Ne6
Ne3 22. Qc3 fxe6 23. Bxe6+ Kh7 24. fxe3 Kh6 25. Qe5 1-0

[Event "Liga Madrileña - DH 2014-2015"]
[Site "Madrid ESP"]
[Date "2015.01.24"]
[Round "7.15"]
[White "Barez Menendez, Hector"]
[Black "Hinojar Diez, David"]
[Result "0-1"]
[WhiteElo "2144"]
[BlackElo "2164"]
[PlyCount "78"]
[EventDate "2014.11.23"]
[EventType "team-tourn"]
[EventRounds "14"]
[EventCountry "ESP"]
[Source "lmi"]
[SourceDate "2014.11.23"]
[WhiteTeam "Pueblo Nuevo"]
[BlackTeam "Liberty Chess"]
[WhiteTeamCountry "ESP"]
[BlackTeamCountry "ESP"]

1. Nf3 Nf6 2. c4 e6 3. d4 d5 4. Nc3 c6 5. cxd5 exd5 6. Qc2 Bd6 7. Bg5 O-O 8. e3
Nbd7 9. Bd3 Qa5 10. O-O Re8 11. a3 a6 12. b4 Qc7 13. Rab1 h6 14. Bh4 Ng4 15.
Bg3 Bxg3 16. hxg3 Ndf6 17. a4 Bd7 18. Rfc1 Qd6 19. b5 axb5 20. axb5 Ra3 21.
bxc6 bxc6 22. e4 Rxc3 23. Qxc3 dxe4 24. Bc4 exf3 25. gxf3 Ne3 26. Re1 Nxc4 27.
Rxe8+ Bxe8 28. Qxc4 Bd7 29. Ra1 Be6 30. Qd3 g6 31. Qc3 Bd5 32. Qe3 Kg7 33. Ra7
Qb8 34. Ra1 Qc8 35. Kg2 Qf5 36. Ra3 g5 37. Kh2 g4 38. Qe5 Qb1 39. Re3 Qf1 0-1

[Event "Liga Madrileña - DH 2014-2015"]
[Site "Madrid ESP"]
[Date "2015.01.24"]
[Round "7.16"]
[White "Paredes Sanchez, Juan Antonio"]
[Black "De la Puerta Cresis, Javier"]
[Result "1-0"]
[WhiteElo "2195"]
[BlackElo "2097"]
[PlyCount "94"]
[EventDate "2014.11.23"]
[EventType "team-tourn"]
[EventRounds "14"]
[EventCountry "ESP"]
[Source "lmi"]
[SourceDate "2014.11.23"]
[WhiteTeam "Liberty Chess"]
[BlackTeam "Pueblo Nuevo"]
[WhiteTeamCountry "ESP"]
[BlackTeamCountry "ESP"]

1. e4 c5 2. Nf3 d6 3. d4 cxd4 4. Nxd4 Nf6 5. Nc3 a6 6. Bg5 e6 7. f4 Qb6 8. Qd2
Qxb2 9. Nb3 Qa3 10. Bxf6 gxf6 11. Be2 Nc6 12. Bh5 Na5 13. f5 Nxb3 14. cxb3 Qa5
15. O-O Rg8 16. Rac1 Bd7 17. Qe2 Qe5 18. fxe6 Bxe6 19. Nd5 Bxd5 20. exd5 Qxe2
21. Bxe2 Bh6 22. Rc7 Be3+ 23. Kh1 Bd4 24. Rxb7 Rg5 25. Rd1 Bf2 26. Rc1 Re5 27.
Bxa6 Bc5 28. Bb5+ Kf8 29. a4 Kg7 30. Bc6 Be3 31. Rb1 Ra6 32. b4 f5 33. g3 f4
34. gxf4 Bxf4 35. Rf1 Re4 36. a5 h5 37. Rf2 Kf6 38. Ra2 h4 39. h3 Re3 40. Bd7
Rd3 41. b5 Ra8 42. a6 Rxd5 43. a7 Rg8 44. Bg4 Ra8 45. b6 Re5 46. Rb8 Re8 47.
Rxe8 Rxe8 1-0

[Event "Liga Madrileña - DH 2014-2015"]
[Site "Madrid ESP"]
[Date "2015.01.24"]
[Round "7.21"]
[White "Moreno Trujillo, Alejandro"]
[Black "Candela Perez, Jose"]
[Result "0-1"]
[WhiteElo "2522"]
[BlackElo "2430"]
[PlyCount "122"]
[EventDate "2014.11.23"]
[EventType "team-tourn"]
[EventRounds "14"]
[EventCountry "ESP"]
[Source "lmi"]
[SourceDate "2014.11.23"]
[WhiteTeam "64 Villalba"]
[BlackTeam "La Casa del Ajedrez"]
[WhiteTeamCountry "ESP"]
[BlackTeamCountry "ESP"]

1. d4 d5 2. Nf3 Nf6 3. c4 c6 4. e3 Bf5 5. Nc3 e6 6. Nh4 Bg6 7. Nxg6 hxg6 8. Rb1
Nbd7 9. c5 Qc7 10. g3 b6 11. b4 a5 12. a3 axb4 13. axb4 Be7 14. Bd3 O-O 15. O-O
bxc5 16. bxc5 e5 17. f4 exd4 18. exd4 Nh7 19. f5 Bf6 20. Ne2 g5 21. Be3 Ra3 22.
Nc1 Re8 23. Bf2 Qa5 24. Rb7 Nhf8 25. Qc2 Ra4 26. Rb1 Bxd4 27. Bxd4 Rxd4 28. Nb3
Qb4 29. Kg2 Re3 30. Nxd4 Qxd4 31. Rfd1 Nxc5 32. Bf1 Rc3 33. Qe2 Qf6 34. Rdc1
Ne4 35. Qe1 Qxf5 36. Rxc3 Nxc3 37. Rb6 d4 38. Bc4 Nd5 39. Rxc6 Ne3+ 40. Kg1 Qf3
41. Qf2 Qxc6 42. Qxf7+ Kh7 43. Qh5+ Qh6 44. Bd3+ Kg8 45. Qe8 Qf6 46. Qe4 g4 47.
Be2 g6 48. Bd3 Kg7 49. Qb7+ Kh6 50. h3 gxh3 51. Qh1 Ne6 52. Qxh3+ Kg7 53. Be2
Ng5 54. Qc8 Nf3+ 55. Kf2 Ne5+ 56. Ke1 Qc6 57. Qd8 Qc3+ 58. Kf2 N5g4+ 59. Bxg4
Nxg4+ 60. Kg2 Qc2+ 61. Kh3 Qh2+ 0-1

[Event "Liga Madrileña - DH 2014-2015"]
[Site "Madrid ESP"]
[Date "2015.01.24"]
[Round "7.22"]
[White "Rojo Huerta, Gabriel"]
[Black "Espinosa Aranda, Angel"]
[Result "1/2-1/2"]
[WhiteElo "2357"]
[BlackElo "2399"]
[PlyCount "33"]
[EventDate "2014.11.23"]
[EventType "team-tourn"]
[EventRounds "14"]
[EventCountry "ESP"]
[Source "lmi"]
[SourceDate "2014.11.23"]
[WhiteTeam "La Casa del Ajedrez"]
[BlackTeam "64 Villalba"]
[WhiteTeamCountry "ESP"]
[BlackTeamCountry "ESP"]

1. d4 d6 2. Nf3 Nf6 3. c4 g6 4. Nc3 Bg7 5. e4 O-O 6. Be3 e5 7. dxe5 dxe5 8.
Qxd8 Rxd8 9. Nd5 Na6 10. O-O-O Bg4 11. h3 Bxf3 12. gxf3 c6 13. Nxf6+ Bxf6 14.
Be2 Nc7 15. Rxd8+ Rxd8 16. Bxa7 Ra8 17. Be3 1/2-1/2

[Event "Liga Madrileña - DH 2014-2015"]
[Site "Madrid ESP"]
[Date "2015.01.24"]
[Round "7.23"]
[White "Bermejo Martinez, Jorge"]
[Black "Gallego Jimenez, Victoriano"]
[Result "0-1"]
[WhiteElo "2308"]
[BlackElo "2340"]
[PlyCount "80"]
[EventDate "2014.11.23"]
[EventType "team-tourn"]
[EventRounds "14"]
[EventCountry "ESP"]
[Source "lmi"]
[SourceDate "2014.11.23"]
[WhiteTeam "64 Villalba"]
[BlackTeam "La Casa del Ajedrez"]
[WhiteTeamCountry "ESP"]
[BlackTeamCountry "ESP"]

1. d4 e6 2. c4 b6 3. Nc3 Bb4 4. e4 Bb7 5. d5 f5 6. exf5 Nf6 7. fxe6 O-O 8. Bd2
dxe6 9. dxe6 Re8 10. Nf3 Rxe6+ 11. Be3 Nc6 12. Be2 Qxd1+ 13. Rxd1 Ne4 14. Rc1
Rae8 15. O-O Bxc3 16. bxc3 Nxf2 17. Bxf2 Rxe2 18. Rfe1 Na5 19. c5 Bxf3 20. gxf3
Kf7 21. cxb6 cxb6 22. c4 Rxe1+ 23. Bxe1 Nxc4 24. Rxc4 Rxe1+ 25. Kf2 Re7 26. Rc6
Ke8 27. f4 Kd7 28. Rc3 Kd6 29. Kf3 b5 30. f5 b4 31. Rc8 Rc7 32. Rh8 Ke5 33. Kg4
Rc4+ 34. Kg5 h6+ 35. Kg6 Rg4+ 36. Kh5 Rg5+ 37. Kh4 Rxf5 38. Ra8 Kf4 39. Rxa7 g6
40. Kh3 Kf3 0-1

[Event "Liga Madrileña - DH 2014-2015"]
[Site "Madrid ESP"]
[Date "2015.01.24"]
[Round "7.24"]
[White "Suarez Uriel, Adrian"]
[Black "Lopez del Alamo, Antonio"]
[Result "1-0"]
[WhiteElo "2283"]
[BlackElo "2260"]
[PlyCount "92"]
[EventDate "2014.11.23"]
[EventType "team-tourn"]
[EventRounds "14"]
[EventCountry "ESP"]
[Source "lmi"]
[SourceDate "2014.11.23"]
[WhiteTeam "La Casa del Ajedrez"]
[BlackTeam "64 Villalba"]
[WhiteTeamCountry "ESP"]
[BlackTeamCountry "ESP"]

1. e4 c5 2. Ne2 e6 3. d4 cxd4 4. Nxd4 Nf6 5. Nc3 Nc6 6. a3 d6 7. f4 Be7 8. Nf3
O-O 9. Bd3 a6 10. O-O e5 11. Nd5 Bg4 12. Nxe7+ Qxe7 13. Qe1 Bxf3 14. gxf3 Nh5
15. f5 Nf4 16. Kh1 Nxd3 17. cxd3 Nd4 18. Qd1 Rfc8 19. Rf2 Qc7 20. Rg2 Kh8 21.
f4 f6 22. Bd2 d5 23. fxe5 Qxe5 24. Qg4 Rg8 25. Bc3 Rad8 26. Re1 Rd7 27. Rg3 Rc8
28. Qh5 Rdd8 29. Rh3 h6 30. Qg6 Rd7 31. Bxd4 Qxd4 32. e5 Rf8 33. e6 Rc7 34.
Rxh6+ gxh6 35. Qxh6+ Kg8 36. Rg1+ Qxg1+ 37. Kxg1 Rh7 38. Qf4 Rd8 39. Qd4 Rf8
40. Qxd5 Re7 41. Kf2 Kh8 42. Qd4 Rh7 43. Qf4 Rg7 44. Qh4+ Kg8 45. Ke3 Rg5 46.
Qh6 Rg7 1-0

[Event "Liga Madrileña - DH 2014-2015"]
[Site "Madrid ESP"]
[Date "2015.01.24"]
[Round "7.25"]
[White "Van Hoolandt, Patrick"]
[Black "Guadamuro Torrente, Anabel"]
[Result "1/2-1/2"]
[WhiteElo "2164"]
[BlackElo "2191"]
[PlyCount "63"]
[EventDate "2014.11.23"]
[EventType "team-tourn"]
[EventRounds "14"]
[EventCountry "ESP"]
[Source "lmi"]
[SourceDate "2014.11.23"]
[WhiteTeam "64 Villalba"]
[BlackTeam "La Casa del Ajedrez"]
[WhiteTeamCountry "ESP"]
[BlackTeamCountry "ESP"]

1. d4 d5 2. c4 c6 3. cxd5 cxd5 4. Nf3 Nc6 5. Nc3 Nf6 6. Bf4 a6 7. Rc1 e6 8. e3
Bd6 9. Bg3 O-O 10. Bd3 Re8 11. Ne5 Ne7 12. f4 b5 13. Bh4 Ng6 14. Bg5 Bb7 15.
O-O Be7 16. Qf3 b4 17. Na4 Ne4 18. Bxe7 Qxe7 19. Nxg6 hxg6 20. Bxe4 dxe4 21.
Qe2 a5 22. Nc5 Bd5 23. b3 f5 24. Rc2 g5 25. fxg5 Qxg5 26. Qf2 Rac8 27. Rfc1 Rc6
28. Nd7 Rec8 29. Rxc6 Rxc6 30. Rxc6 Bxc6 31. Nc5 Bd5 32. g3 1/2-1/2